| 000 | 01180nam a2200349Ia 4500 | ||
|---|---|---|---|
| 001 | dia_2948 | ||
| 003 | CHAP | ||
| 005 | 20251023160817.0 | ||
| 008 | 220117s1982 xx 000 0 und d | ||
| 010 | _a173451 | ||
| 020 | _a968-24-1105-X | ||
| 040 | _cCHAP | ||
| 082 | _a664.9028 P35 1982 | ||
| 100 |
_aPaltrinieri, Gaetano _985035 |
||
| 245 |
_aElaboración de productos cárnicos / _c Gaetano Paltrinieri y Marco R. Meyer ; colaboración F. R. Kirchner Salinas...[et al.] |
||
| 260 |
_aMéxico : _b SEP :, _b Trillas, _c1982 |
||
| 300 | _a116 p. | ||
| 400 | _aMANUALES PARA EDUCACION AGROPECURAIA, 29 | ||
| 440 |
_aManuales para la Educación Agropecuaria. Área Industrias rurales _9150812 |
||
| 503 | _aC/e | ||
| 590 | _aHD9419.C37 P35 1982 | ||
| 650 |
_aCarne _xPreservación _919107 |
||
| 650 |
_aMeat products _9147831 |
||
| 650 |
_aMeat _xPreservation _9150954 |
||
| 650 |
_aProductos cárnicos _9147832 |
||
| 700 | _aKirchner Salinas, F. R., colab. | ||
| 700 |
_aMeyer, Marco R, coaut. _9153800 |
||
| 901 | _a664.9028 P35 1982 | ||
| 902 | _aM | ||
| 905 | _a5232271982 mx an 8222223322spa16 | ||
| 942 |
_cLIBRO _2ddc |
||
| 999 |
_c173451 _d173451 |
||